[Event "EIBCC 2019"]
[Site "Tallinn"]
[Date "2019.12.07"]
[Round "20.32"]
[White "Vasiliev, Georgiy"]
[Black "Dragicevic, Drazen"]
[Result "1-0"]
[WhiteElo "2126"]
[BlackElo "2300"]
[Annotator "NA"]
[PlyCount "85"]
[EventDate "2019.12.06"]
[EventType "swiss"]
[EventCountry "EST"]
[SourceTitle "playchess.com"]
[Source "ChessBase"]
[SourceQuality "1"]

1. c4 c5 2. Nc3 Nc6 3. g3 Nf6 4. Bg2 g6 5. e4 d6 6. Nge2 Bg7 7. O-O O-O 8. d3 a6 9. Rb1 Rb8 10. a3 b5 11. cxb5 axb5 12. b4 cxb4 13. axb4 Nd7 14. d4 Ba6 15. Be3 Nb6 16. e5 d5 17. f4 e6 18. g4 Nc4 19. Bf2 Qe7 20. Qd3 Nxb4 21. Qh3 Nd2 22. f5 Nxb1 23. f6 Nxc3 24. Qxc3 Rfc8 25. fxe7 Rxc3 26. Nxc3 Nc6 27. Ra1 Bb7 28. Nxb5 Nxe7 29. Nd6 Ra8 30. Rc1 Ba6 31. Rc7 Bf8 32. Bh4 Nc8 33. Nxf7 Bc4 34. Ng5 Ra1+ 35. Kf2 Ra2+ 36. Kg3 Ne7 37. Nxe6 Ra3+ 38. Kf4 Bh6+ 39. g5 Nf5 40. gxh6 Nxh4 41. Bh1 Nf5 42. Ng5 Ra1 43. Rc8# 1-0

[Event "EIBCC 2019"]
[Site "Tallinn"]
[Date "2019.12.07"]
[Round "20.33"]
[White "Babula, Vlastimil"]
[Black "Ortega Ruiz, Jose Miguel"]
[Result "1-0"]
[WhiteElo "2605"]
[BlackElo "2272"]
[Annotator "ChessBase"]
[PlyCount "37"]
[EventDate "2019.12.06"]
[EventType "swiss"]
[EventCountry "EST"]
[SourceTitle "playchess.com"]
[Source "ChessBase"]
[SourceQuality "1"]

1. d4 Nf6 2. c4 e6 3. Nf3 c5 4. d5 exd5 5. cxd5 a6 6. a4 d6 7. Nc3 g6 8. Nd2 Bg7 9. e4 O-O 10. Be2 Re8 11. O-O b6 12. Ra3 Ra7 13. f3 Nh5 14. f4 Nf6 15. Bf3 Rae7 16. Kh1 h5 17. h3 Bd7 18. Nc4 Qc7 19. e5 1-0

[Event "EIBCC 2019"]
[Site "Tallinn"]
[Date "2019.12.07"]
[Round "20.34"]
[White "Belyakov, Bogdan"]
[Black "Troyke, Christian"]
[Result "0-1"]
[WhiteElo "2431"]
[BlackElo "2247"]
[Annotator "NA"]
[PlyCount "130"]
[EventDate "2019.12.06"]
[EventType "swiss"]
[EventCountry "EST"]
[SourceTitle "playchess.com"]
[Source "ChessBase"]
[SourceQuality "1"]

1. e4 c5 2. c3 g6 3. d4 cxd4 4. cxd4 d5 5. e5 Bg7 6. Nf3 Bg4 7. Bb5+ Nc6 8. Bxc6+ bxc6 9. O-O Bxf3 10. Qxf3 c5 11. dxc5 Bxe5 12. Re1 Bg7 13. Nc3 Nf6 14. Bg5 e6 15. Bxf6 Qxf6 16. Qxf6 Bxf6 17. Nxd5 Bxb2 18. Rab1 Kd7 19. Nb4 Bc3 20. Red1+ Ke7 21. Nc6+ Kf6 22. Rd3 Rhc8 23. Rf3+ Kg7 24. Nxa7 Rxa7 25. Rxc3 Rxa2 26. g3 Rc6 27. Rb7 Ra8 28. Rb6 Rxb6 29. cxb6 Rb8 30. Rb3 Kf6 31. Kg2 Ke5 32. Kf3 Kd5 33. Kf4 f6 34. g4 g5+ 35. Kg3 Rb7 36. h4 h6 37. f4 Kc5 38. Re3 Rxb6 39. fxg5 fxg5 40. hxg5 hxg5 41. Re5+ Kd4 42. Rxg5 e5 43. Rg8 Ke4 44. Rf8 Rb3+ 45. Kh4 Rf3 46. Re8 Rf1 47. g5 Rh1+ 48. Kg4 Rg1+ 49. Kh5 Kf5 50. Rf8+ Ke6 51. g6 e4 52. Kh6 Rh1+ 53. Kg7 Ke5 54. Re8+ Kd4 55. Kf7 Rf1+ 56. Ke6 Rg1 57. Kf6 Rf1+ 58. Ke6 Rg1 59. Kf7 e3 60. g7 Kd3 61. Rd8+ Kc2 62. Re8 Kd2 63. Rd8+ Kc2 64. Re8 Kd2 65. Re6 Rxg7+ 0-1

[Event "EIBCC 2019"]
[Site "Tallinn"]
[Date "2019.12.07"]
[Round "21.1"]
[White "Andriasian, Zaven"]
[Black "Stupak, Kirill"]
[Result "1/2-1/2"]
[WhiteElo "2766"]
[BlackElo "2459"]
[Annotator "TA"]
[PlyCount "24"]
[EventDate "2019.12.06"]
[EventType "swiss"]
[EventCountry "EST"]
[SourceTitle "playchess.com"]
[Source "ChessBase"]
[SourceQuality "1"]

1. e4 e6 2. d4 d5 3. exd5 exd5 4. Bd3 Bd6 5. Nf3 Nf6 6. h3 O-O 7. O-O c6 8. c3 h6 9. Re1 Re8 10. Nbd2 Nbd7 11. Nf1 Nf8 12. Rxe8 Qxe8 1/2-1/2

[Event "EIBCC 2019"]
[Site "Tallinn"]
[Date "2019.12.07"]
[Round "21.2"]
[White "Guseinov, Gadir"]
[Black "Lysyj, Igor"]
[Result "1/2-1/2"]
[WhiteElo "2593"]
[BlackElo "2600"]
[Annotator "ChessBase"]
[PlyCount "35"]
[EventDate "2019.12.06"]
[EventType "swiss"]
[EventCountry "EST"]
[SourceTitle "playchess.com"]
[Source "ChessBase"]
[SourceQuality "1"]

1. e4 e5 2. Nf3 Nc6 3. Bb5 Nf6 4. O-O Nxe4 5. d4 Nd6 6. dxe5 Nxb5 7. a4 Nbd4 8. Nxd4 d6 9. Nxc6 bxc6 10. Re1 Be6 11. exd6 Bxd6 12. Qf3 O-O 13. Nc3 Qh4 14. g3 Qc4 15. b3 Qc5 16. Ba3 Qf5 17. Qxf5 Bxf5 18. Bxd6 1/2-1/2

[Event "EIBCC 2019"]
[Site "Tallinn"]
[Date "2019.12.07"]
[Round "21.3"]
[White "Motylev, Alexander"]
[Black "Turov, Maxim"]
[Result "1/2-1/2"]
[WhiteElo "2629"]
[BlackElo "2535"]
[Annotator "ChessBase"]
[PlyCount "32"]
[EventDate "2019.12.06"]
[EventType "swiss"]
[EventCountry "EST"]
[SourceTitle "playchess.com"]
[Source "ChessBase"]
[SourceQuality "1"]

1. e4 c6 2. Nf3 d5 3. d3 dxe4 4. dxe4 Qxd1+ 5. Kxd1 Nf6 6. Nbd2 Bg4 7. h3 Bxf3+ 8. gxf3 Nbd7 9. a4 g6 10. a5 O-O-O 11. c3 Bh6 12. Kc2 Nh5 13. h4 Kc7 14. Be2 Bf4 15. Nc4 Bxc1 16. Raxc1 Nf4 1/2-1/2

[Event "EIBCC 2019"]
[Site "Tallinn"]
[Date "2019.12.07"]
[Round "21.4"]
[White "Esipenko, Andrey"]
[Black "Aleksandrov, Aleksej"]
[Result "1-0"]
[WhiteElo "2582"]
[BlackElo "2416"]
[Annotator "ChessBase"]
[PlyCount "46"]
[EventDate "2019.12.06"]
[EventType "swiss"]
[EventCountry "EST"]
[SourceTitle "playchess.com"]
[Source "ChessBase"]
[SourceQuality "1"]

1. d4 Nf6 2. c4 e6 3. Nf3 d5 4. g3 Be7 5. Bg2 O-O 6. Qb3 c5 7. cxd5 exd5 8. dxc5 Nbd7 9. O-O Nxc5 10. Qd1 Bf5 11. Be3 Qd7 12. Nc3 Rfd8 13. Rc1 Rac8 14. Bd4 a6 15. Re1 b5 16. Ne5 Qe6 17. Nd3 Nce4 18. Nf4 Qd7 19. Bxf6 Bxf6 20. Ncxd5 Rxc1 21. Qxc1 Be5 22. Rd1 Bxf4 23. Qxf4 Kh8 1-0

[Event "EIBCC 2019"]
[Site "Tallinn"]
[Date "2019.12.07"]
[Round "21.5"]
[White "Morozevich, Alexander"]
[Black "Kulaots, Kaido"]
[Result "1-0"]
[WhiteElo "2712"]
[BlackElo "2562"]
[Annotator "TA"]
[PlyCount "61"]
[EventDate "2019.12.06"]
[EventType "swiss"]
[EventCountry "EST"]
[SourceTitle "playchess.com"]
[Source "ChessBase"]
[SourceQuality "1"]

1. e4 c5 2. Nc3 d6 3. d4 cxd4 4. Qxd4 Nc6 5. Qd2 g6 6. b3 Bh6 7. f4 f5 8. Bb2 Nf6 9. O-O-O Qa5 10. Kb1 fxe4 11. h3 Bg7 12. g4 O-O 13. Nge2 Be6 14. Bg2 d5 15. f5 gxf5 16. Nf4 Bf7 17. gxf5 Rfd8 18. Rhg1 Kh8 19. Bh1 Ne5 20. Nxe4 Qxd2 21. Nxd2 Nc6 22. Nf3 h6 23. Ne5 Nxe5 24. Bxe5 Nh5 25. Rxg7 Nxg7 26. Rg1 Rg8 27. Nxd5 Kh7 28. Nxe7 Nxf5 29. Nxg8 Bxg8 30. Be4 Be6 31. Rg7+ 1-0

[Event "EIBCC 2019"]
[Site "Tallinn"]
[Date "2019.12.07"]
[Round "21.6"]
[White "Demidov, Mikhail"]
[Black "Popov, Valerij"]
[Result "1-0"]
[WhiteElo "2631"]
[BlackElo "2547"]
[Annotator "ChessBase"]
[PlyCount "91"]
[EventDate "2019.12.06"]
[EventType "swiss"]
[EventCountry "EST"]
[SourceTitle "playchess.com"]
[Source "ChessBase"]
[SourceQuality "1"]

1. d4 d5 2. Nf3 Nf6 3. Bf4 e6 4. e3 c5 5. dxc5 Bxc5 6. Be2 Nc6 7. O-O O-O 8. c4 d4 9. exd4 Nxd4 10. Nc3 Nxe2+ 11. Qxe2 Bd7 12. Ne5 Bc6 13. Nxc6 bxc6 14. Rad1 Qa5 15. Bd6 Rfd8 16. Bxc5 Qxc5 17. Rxd8+ Rxd8 18. Rd1 Rd4 19. Rxd4 Qxd4 20. h3 h6 21. g3 g5 22. Qf3 c5 23. Qa8+ Kg7 24. Qxa7 Qxc4 25. Qb7 Nd5 26. Qb5 Qd4 27. Qb3 Nb4 28. Qd1 Qxd1+ 29. Nxd1 Nxa2 30. Kf1 Kf6 31. Ke2 Ke5 32. Kd3 Kd6 33. Ne3 Nb4+ 34. Kc4 Nd5 35. Ng4 h5 36. Nh6 f6 37. Ng8 h4 38. Nh6 hxg3 39. fxg3 f5 40. Nf7+ Kc6 41. Nxg5 e5 42. h4 f4 43. gxf4 exf4 44. h5 Nf6 45. h6 f3 46. Nxf3 1-0

[Event "EIBCC 2019"]
[Site "Tallinn"]
[Date "2019.12.07"]
[Round "21.7"]
[White "Lintchevski, Daniil"]
[Black "Sanal, Vahap"]
[Result "0-1"]
[WhiteElo "2553"]
[BlackElo "2563"]
[Annotator "ChessBase"]
[PlyCount "74"]
[EventDate "2019.12.06"]
[EventType "swiss"]
[EventCountry "EST"]
[SourceTitle "playchess.com"]
[Source "ChessBase"]
[SourceQuality "1"]

1. e4 Nc6 2. Nc3 d6 3. d4 g6 4. g3 Bg7 5. Be3 e5 6. dxe5 Nxe5 7. h3 Be6 8. f4 Nc4 9. Bxc4 Bxc4 10. Nf3 Nf6 11. Kf2 O-O 12. Re1 Re8 13. Bd4 c5 14. Bxf6 Bxf6 15. Qd2 b5 16. Rab1 Qa5 17. a3 Rad8 18. Kg2 Bg7 19. Rbd1 b4 20. Nd5 Bxb2 21. axb4 cxb4 22. Nxb4 Rc8 23. Re3 Qc5 24. Nd3 Bxd3 25. cxd3 Bc3 26. Qf2 a5 27. d4 Qc6 28. d5 Qa6 29. e5 a4 30. Rdd3 a3 31. Rxc3 Rxc3 32. Rxc3 a2 33. Rc1 a1=Q 34. Rxa1 Qxa1 35. Qb6 Qa2+ 36. Qf2 Qxd5 37. Kh2 Ra8 0-1

[Event "EIBCC 2019"]
[Site "Tallinn"]
[Date "2019.12.07"]
[Round "21.8"]
[White "Sargissian, Gabriel"]
[Black "Shubin, Kirill"]
[Result "1/2-1/2"]
[WhiteElo "2676"]
[BlackElo "2401"]
[Annotator "ChessBase"]
[PlyCount "161"]
[EventDate "2019.12.06"]
[EventType "swiss"]
[EventCountry "EST"]
[SourceTitle "playchess.com"]
[Source "ChessBase"]
[SourceQuality "1"]

1. d4 e6 2. c4 Nf6 3. Nf3 b6 4. g3 Bb7 5. Bg2 Be7 6. O-O O-O 7. h4 c5 8. d5 exd5 9. Nh2 d6 10. Nc3 Nbd7 11. cxd5 a6 12. a4 Re8 13. Re1 Bf8 14. e4 g6 15. Bg5 h6 16. Bf4 Nh5 17. Bc1 Bg7 18. Ng4 Kh7 19. Ne3 Ne5 20. Bf1 Bc8 21. Be2 Nf6 22. f4 Ned7 23. Bf3 Bb7 24. h5 Nf8 25. hxg6+ fxg6 26. Kg2 Rb8 27. Qc2 Qd7 28. Bd2 b5 29. Ncd1 Re7 30. Nf2 Rbe8 31. Neg4 Nxg4 32. Nxg4 h5 33. Nf2 Qd8 34. Rh1 Kg8 35. Bc3 b4 36. Bxg7 Rxg7 37. Rad1 g5 38. f5 g4 39. Be2 Qg5 40. Qd2 Nd7 41. Qf4 Nf6 42. Bd3 Re5 43. Bc2 Kf7 44. a5 Kg8 45. Rde1 c4 46. Rd1 b3 47. Bb1 Nxd5 48. Qxg5 Rxg5 49. exd5 Bxd5+ 50. Kf1 Bxh1 51. Nxh1 d5 52. Nf2 Kf7 53. Rd4 Ke7 54. Nd1 Kd6 55. Rf4 Rg8 56. f6 Rf8 57. f7 Ke7 58. Nc3 Rxf7 59. Kf2 d4 60. Ne2 Rd5 61. Rxf7+ Kxf7 62. Be4 Rd8 63. Nf4 Kf6 64. Bb7 c3 65. Nd3 c2 66. Bxa6 Ra8 67. Bc4 Rxa5 68. Bxb3 Kg5 69. Bxc2 h4 70. gxh4+ Kxh4 71. Bd1 Ra2 72. Kg2 Ra1 73. Be2 Ra2 74. Kf2 Ra1 75. Ne5 Ra2 76. Nd3 Ra1 77. Kg2 Ra2 78. Kf2 Kh3 79. Nf4+ Kh2 80. Bxg4 Rxb2+ 81. Be2 1/2-1/2

[Event "EIBCC 2019"]
[Site "Tallinn"]
[Date "2019.12.07"]
[Round "21.9"]
[White "Ziska, Helgi Dam"]
[Black "Usmanov, Vasily"]
[Result "1-0"]
[WhiteElo "2614"]
[BlackElo "2495"]
[Annotator "ChessBase"]
[PlyCount "71"]
[EventDate "2019.12.06"]
[EventType "swiss"]
[EventCountry "EST"]
[SourceTitle "playchess.com"]
[Source "ChessBase"]
[SourceQuality "1"]

1. e4 e5 2. Nf3 Nf6 3. Nxe5 d6 4. Nf3 Nxe4 5. d4 Be7 6. Bd3 Nf6 7. O-O O-O 8. h3 b6 9. c4 Bb7 10. Nc3 Re8 11. d5 Nbd7 12. Nd4 Nc5 13. Bc2 Nfd7 14. b4 Na6 15. a3 Bf6 16. Qd3 g6 17. f4 Bg7 18. Bb2 Qh4 19. Ba4 Re7 20. Nc6 Bxc6 21. dxc6 Ndc5 22. bxc5 Nxc5 23. Qd2 Rae8 24. Bd1 Re3 25. Nd5 Rd3 26. Qc2 Qg3 27. Bxg7 Kxg7 28. Bf3 f5 29. Qb2+ Kh6 30. Nxc7 Ree3 31. Qf2 Rxf3 32. Qxg3 Rxg3 33. Nd5 Ne4 34. Rad1 Rxg2+ 35. Kxg2 Rg3+ 36. Kh2 1-0

[Event "EIBCC 2019"]
[Site "Tallinn"]
[Date "2019.12.07"]
[Round "21.10"]
[White "Smirnov, Artem"]
[Black "Ruck, Robert"]
[Result "0-1"]
[WhiteElo "2283"]
[BlackElo "2541"]
[Annotator "ChessBase"]
[PlyCount "76"]
[EventDate "2019.12.06"]
[EventType "swiss"]
[EventCountry "EST"]
[SourceTitle "playchess.com"]
[Source "ChessBase"]
[SourceQuality "1"]

1. d4 Nf6 2. c4 e6 3. Nc3 Bb4 4. f3 d5 5. a3 Bxc3+ 6. bxc3 c5 7. cxd5 Nxd5 8. dxc5 Qa5 9. e4 Ne7 10. Be3 O-O 11. Qb3 Nd7 12. Bb5 Qc7 13. Bxd7 Bxd7 14. Ne2 e5 15. O-O Nc6 16. c4 Be6 17. Rfd1 Na5 18. Qb4 Nxc4 19. Bf2 b6 20. cxb6 axb6 21. Nc3 h6 22. Nd5 Bxd5 23. exd5 b5 24. Qxb5 Nd6 25. Qc6 Qe7 26. Bc5 Rad8 27. a4 f5 28. a5 e4 29. Re1 Qe5 30. a6 Qf4 31. a7 exf3 32. a8=Q Ne4 33. Qe6+ Kh7 34. Rxe4 fxe4 35. Qac6 f2+ 36. Kf1 e3 37. Qg6+ Kh8 38. Qb7 Qc4+ 0-1

[Event "EIBCC 2019"]
[Site "Tallinn"]
[Date "2019.12.07"]
[Round "21.11"]
[White "Nguyen, Thai Dai Van"]
[Black "Gretarsson, Helgi Ass"]
[Result "1-0"]
[WhiteElo "2419"]
[BlackElo "2523"]
[Annotator "ChessBase"]
[PlyCount "66"]
[EventDate "2019.12.06"]
[EventType "swiss"]
[EventCountry "EST"]
[SourceTitle "playchess.com"]
[Source "ChessBase"]
[SourceQuality "1"]

1. d4 g6 2. e4 Bg7 3. Nf3 d6 4. Be2 a6 5. O-O Nd7 6. c4 e6 7. Nc3 Ne7 8. Be3 h6 9. Rc1 b6 10. b4 c5 11. bxc5 bxc5 12. dxc5 Nxc5 13. e5 Nf5 14. Bxc5 dxc5 15. Ne4 Qc7 16. g4 Ne7 17. Nd6+ Kf8 18. Qd2 Nc6 19. Rfd1 Nxe5 20. Qe3 Nxf3+ 21. Qxf3 Rb8 22. Ne4 Be5 23. h4 Kg7 24. Rc2 Bb7 25. Bd3 f5 26. gxf5 exf5 27. h5 fxe4 28. Bxe4 Rhf8 29. Qg4 Bh2+ 30. Kf1 Qb6 31. Rd7+ Kg8 32. Bxg6 Bf3 33. Bh7+ Kh8 1-0

[Event "EIBCC 2019"]
[Site "Tallinn"]
[Date "2019.12.07"]
[Round "21.12"]
[White "Mamedov, Rauf"]
[Black "Lazavik, Denis"]
[Result "1-0"]
[WhiteElo "2670"]
[BlackElo "2222"]
[Annotator "ChessBase"]
[PlyCount "79"]
[EventDate "2019.12.06"]
[EventType "swiss"]
[EventCountry "EST"]
[SourceTitle "playchess.com"]
[Source "ChessBase"]
[SourceQuality "1"]

1. e4 e5 2. Nf3 Nc6 3. Bb5 a6 4. Ba4 Nf6 5. Nc3 Bb4 6. d3 d6 7. O-O O-O 8. Bg5 Bxc3 9. bxc3 Qe7 10. Re1 Nd8 11. d4 Ne6 12. Bd2 b5 13. Bb3 c5 14. Bd5 Bb7 15. Bxb7 Qxb7 16. d5 Nc7 17. c4 Qc8 18. Ba5 Qd7 19. Rb1 Rfb8 20. Qd3 Nce8 21. Nd2 b4 22. c3 Qa4 23. cxb4 cxb4 24. Nb3 Nd7 25. Qe3 Rc8 26. Rec1 Nc5 27. Bb6 Nd7 28. c5 dxc5 29. Bxc5 a5 30. h3 Qb5 31. Be7 f6 32. Qf3 a4 33. Nd2 Rxc1+ 34. Rxc1 Rb8 35. Rb1 b3 36. axb3 Qa6 37. Ra1 Qa5 38. Qe3 Qc7 39. bxa4 Kf7 40. Ba3 1-0

[Event "EIBCC 2019"]
[Site "Tallinn"]
[Date "2019.12.07"]
[Round "21.13"]
[White "Papasimakopoulos, Alexandros"]
[Black "Riazantsev, Alexander"]
[Result "1-0"]
[WhiteElo "2356"]
[BlackElo "2635"]
[Annotator "ChessBase"]
[PlyCount "107"]
[EventDate "2019.12.06"]
[EventType "swiss"]
[EventCountry "EST"]
[SourceTitle "playchess.com"]
[Source "ChessBase"]
[SourceQuality "1"]

1. d4 d5 2. c4 e6 3. Nc3 Nf6 4. cxd5 exd5 5. Bg5 Bb4 6. e3 h6 7. Bh4 g5 8. Bg3 Ne4 9. Qc2 Nc6 10. Bd3 Bf5 11. Nge2 h5 12. f3 Nxg3 13. hxg3 Bxd3 14. Qxd3 Qd7 15. g4 h4 16. Ng3 O-O-O 17. Nf5 Ne7 18. O-O-O Nxf5 19. Qxf5 Qxf5 20. gxf5 c6 21. a3 Bd6 22. Kc2 f6 23. Kd3 Bg3 24. Ne2 Bc7 25. Rh3 Rhe8 26. g3 Re7 27. gxh4 Rde8 28. f4 gxf4 29. Nxf4 Bxf4 30. exf4 Re2 31. Rd2 Re1 32. h5 Kd7 33. h6 Rh8 34. Rg2 Re7 35. Rg6 Rf7 36. b4 a6 37. a4 Kc7 38. Re3 Rfh7 39. Rh3 Rf7 40. Kc3 Kd7 41. Rh2 Kd8 42. Rg7 Ke7 43. b5 axb5 44. axb5 Rxg7 45. hxg7 Rg8 46. Rg2 cxb5 47. Kb4 Kf7 48. Kxb5 b6 49. Rg1 Ke7 50. Kxb6 Kd6 51. Kb7 Kd7 52. Rg6 Ke7 53. Kc7 Kf7 54. Kd7 1-0

[Event "EIBCC 2019"]
[Site "Tallinn"]
[Date "2019.12.07"]
[Round "21.14"]
[White "Kukk, Sander"]
[Black "Yuffa, Daniil"]
[Result "1/2-1/2"]
[WhiteElo "2312"]
[BlackElo "2582"]
[Annotator "ChessBase"]
[PlyCount "100"]
[EventDate "2019.12.06"]
[EventType "swiss"]
[EventCountry "EST"]
[SourceTitle "playchess.com"]
[Source "ChessBase"]
[SourceQuality "1"]

1. b3 e5 2. Bb2 Nc6 3. e3 g6 4. Bb5 Bg7 5. Bxc6 bxc6 6. f4 f6 7. fxe5 fxe5 8. Nf3 d6 9. O-O Nf6 10. d3 O-O 11. e4 Nh5 12. Nc3 Nf4 13. Ne2 Ne6 14. Qd2 c5 15. c3 Ba6 16. Rfe1 Qd7 17. d4 exd4 18. cxd4 Bxe2 19. Rxe2 Nf4 20. Rf2 Qg4 21. Kh1 Nxg2 22. Rxg2 Qxf3 23. dxc5 Bxb2 24. Qxb2 Qxe4 25. cxd6 cxd6 26. Qd2 d5 27. Rd1 d4 28. Kg1 Rad8 29. Qd3 Qf4 30. Rf1 Qxf1+ 31. Qxf1 Rxf1+ 32. Kxf1 Kf7 33. Ke2 h5 34. Kd3 Kf6 35. Rf2+ Kg5 36. Rg2+ Kh6 37. Re2 Rd7 38. Re4 g5 39. Rxd4 Rxd4+ 40. Kxd4 g4 41. b4 Kg5 42. a4 h4 43. Ke3 Kf5 44. b5 Ke5 45. a5 Kd6 46. b6 axb6 47. axb6 Kc6 48. Kf4 g3 49. hxg3 hxg3 50. Kxg3 Kxb6 1/2-1/2

[Event "EIBCC 2019"]
[Site "Tallinn"]
[Date "2019.12.07"]
[Round "21.15"]
[White "Hjartarson, Johann"]
[Black "Mickevicius, Juras"]
[Result "1-0"]
[WhiteElo "2559"]
[BlackElo "2295"]
[Annotator "ChessBase"]
[PlyCount "123"]
[EventDate "2019.12.06"]
[EventType "swiss"]
[EventCountry "EST"]
[SourceTitle "playchess.com"]
[Source "ChessBase"]
[SourceQuality "1"]

1. e4 c6 2. d4 d5 3. Nc3 dxe4 4. Nxe4 Bf5 5. Nc5 e5 6. Nxb7 Qb6 7. Nc5 exd4 8. Nb3 Bb4+ 9. Bd2 Ne7 10. Nf3 Bxd2+ 11. Qxd2 c5 12. Bc4 O-O 13. O-O Nbc6 14. Rfe1 Rad8 15. Re2 Bg6 16. Rae1 Nf5 17. Ne5 Nd6 18. Bd5 Nb4 19. Nxg6 hxg6 20. Bf3 Nxa2 21. Re7 Nb4 22. Qf4 Nc4 23. Rb7 Qf6 24. Qxf6 gxf6 25. Nxc5 Nxc2 26. Rc1 Nd6 27. Rxa7 d3 28. Nxd3 Nd4 29. Bd1 Rb8 30. g3 Rfd8 31. Kg2 N6b5 32. Raa1 Ne6 33. Be2 Ned4 34. Bd1 Ne6 35. Nc5 Nxc5 36. Rxc5 Nd4 37. Rb1 Nb3 38. Bxb3 Rxb3 39. Rc3 Rdb8 40. Rxb3 Rxb3 41. Kf1 f5 42. Ke2 Kg7 43. Kd2 Kf6 44. Kc2 Rf3 45. Rf1 f4 46. b4 fxg3 47. hxg3 Rf5 48. f4 Ke6 49. Rd1 g5 50. fxg5 Rxg5 51. Rd3 f5 52. Kb3 Ke5 53. Ka4 Ke4 54. Rb3 Kd4 55. b5 Kc5 56. Ka5 Rg8 57. Rc3+ Kd6 58. b6 Ra8+ 59. Kb5 Rb8 60. Rd3+ Ke5 61. Kc6 Ke4 62. Rb3 1-0

[Event "EIBCC 2019"]
[Site "Tallinn"]
[Date "2019.12.07"]
[Round "21.16"]
[White "Sebenik, Matej"]
[Black "Kanep, Meelis"]
[Result "1-0"]
[WhiteElo "2457"]
[BlackElo "2280"]
[Annotator "ChessBase"]
[PlyCount "87"]
[EventDate "2019.12.06"]
[EventType "swiss"]
[EventCountry "EST"]
[SourceTitle "playchess.com"]
[Source "ChessBase"]
[SourceQuality "1"]

1. Nf3 Nf6 2. c4 d6 3. d4 g6 4. g3 Bg7 5. Bg2 O-O 6. Nc3 Nc6 7. O-O e5 8. dxe5 Nxe5 9. b3 Nxf3+ 10. Bxf3 Bh3 11. Re1 c6 12. Bf4 d5 13. cxd5 Nxd5 14. Nxd5 cxd5 15. Rc1 Be6 16. Qd2 Rc8 17. Bh6 Bxh6 18. Qxh6 Qa5 19. a4 Qb4 20. Qe3 d4 21. Qd3 Bxb3 22. Rxc8 Rxc8 23. Rb1 Rc3 24. Qe4 Qxa4 25. Qxb7 a5 26. Qb8+ Kg7 27. Qe5+ Kg8 28. h4 h5 29. Bd5 Qa3 30. Qe8+ Qf8 31. Qxf8+ Kxf8 32. Rxb3 Rc2 33. Kf1 Rc1+ 34. Kg2 Rc2 35. Kf3 a4 36. Ra3 Rc5 37. Ke4 Ra5 38. Kxd4 Kg7 39. Bc6 Rf5 40. f4 g5 41. fxg5 f6 42. gxf6+ Rxf6 43. Bf3 Ra6 44. Bxh5 1-0

[Event "EIBCC 2019"]
[Site "Tallinn"]
[Date "2019.12.07"]
[Round "21.17"]
[White "Nazaretyan, Tigran"]
[Black "Studer, Noel"]
[Result "1/2-1/2"]
[WhiteElo "2277"]
[BlackElo "2394"]
[Annotator "NA"]
[PlyCount "112"]
[EventDate "2019.12.06"]
[EventType "swiss"]
[EventCountry "EST"]
[SourceTitle "playchess.com"]
[Source "ChessBase"]
[SourceQuality "1"]

1. d4 d5 2. c4 dxc4 3. e3 Nf6 4. Bxc4 e6 5. Nf3 c5 6. O-O a6 7. a4 cxd4 8. exd4 Nc6 9. Nc3 Be7 10. d5 exd5 11. Nxd5 Nxd5 12. Qxd5 Qxd5 13. Bxd5 O-O 14. Bg5 h6 15. Bxe7 Nxe7 16. Bc4 Nc6 17. Rfe1 Bf5 18. Ne5 Rac8 19. b3 Bc2 20. Nxc6 Rxc6 21. Re7 Rb6 22. h3 Rb4 23. Re3 b5 24. axb5 axb5 25. Bd5 Rd8 26. Rc1 Bg6 27. Bc6 Rc8 28. Rcc3 Bf5 29. Re8+ Rxe8 30. Bxe8 Kf8 31. Bc6 Be6 32. Rc5 Rxb3 33. Rxb5 Rc3 34. Bd5 Bxd5 35. Rxd5 Ke7 36. Ra5 g6 37. g3 h5 38. h4 Rc2 39. Kg2 Kf6 40. Kf3 Rd2 41. Kg2 Ke6 42. Kf3 Rd3+ 43. Ke4 Rd2 44. Ra6+ Ke7 45. Ke3 Rb2 46. Kf3 Kf8 47. Ke3 Kg7 48. Kf3 Rb3+ 49. Kg2 Rb7 50. Rc6 f6 51. Ra6 g5 52. hxg5 fxg5 53. Ra5 Kg6 54. Ra6+ Kg7 55. Ra5 Kf6 56. Ra6+ Kg7 1/2-1/2

[Event "EIBCC 2019"]
[Site "Tallinn"]
[Date "2019.12.07"]
[Round "21.18"]
[White "Seeman, Tarvo"]
[Black "Vasiliev, Georgiy"]
[Result "1/2-1/2"]
[WhiteElo "2358"]
[BlackElo "2126"]
[Annotator "NA"]
[PlyCount "97"]
[EventDate "2019.12.06"]
[EventType "swiss"]
[EventCountry "EST"]
[SourceTitle "playchess.com"]
[Source "ChessBase"]
[SourceQuality "1"]

1. Nf3 Nf6 2. g3 d5 3. Bg2 Bg4 4. d3 Nbd7 5. Nbd2 e5 6. h3 Bh5 7. e4 dxe4 8. dxe4 Bd6 9. O-O Qe7 10. Qe1 h6 11. Nh4 O-O-O 12. Nf5 Qf8 13. a4 Bg6 14. Nxd6+ Qxd6 15. Nc4 Qd4 16. Nd2 Nc5 17. Nf3 Qxe4 18. Nxe5 Qxe1 19. Rxe1 Bxc2 20. Nxf7 Rhe8 21. Rxe8 Rxe8 22. Be3 Nd3 23. Bd4 Re7 24. Nxh6 gxh6 25. Bxf6 Rf7 26. Bd4 c5 27. Be3 c4 28. Bd5 Rc7 29. Bxh6 Nxb2 30. a5 c3 31. Be6+ Kd8 32. Be3 Bg6 33. Bxa7 Ke7 34. Bg4 c2 35. Be3 Nd3 36. a6 bxa6 37. Rxa6 Bf7 38. Bg5+ Kf8 39. Bf5 c1=Q+ 40. Bxc1 Rxc1+ 41. Kh2 Nxf2 42. g4 Rh1+ 43. Kg3 Nxh3 44. Rd6 Ng5 45. Kf4 Nh3+ 46. Kg3 Ng5 47. Kf4 Nh3+ 48. Kg3 Ng5 49. Kf4 1/2-1/2

[Event "EIBCC 2019"]
[Site "Tallinn"]
[Date "2019.12.07"]
[Round "21.19"]
[White "Kozak, Adam"]
[Black "Postny, Evgeny"]
[Result "1/2-1/2"]
[WhiteElo "2385"]
[BlackElo "2661"]
[Annotator "ChessBase"]
[PlyCount "153"]
[EventDate "2019.12.06"]
[EventType "swiss"]
[EventCountry "EST"]
[SourceTitle "playchess.com"]
[Source "ChessBase"]
[SourceQuality "1"]

1. Nf3 d5 2. g3 c6 3. Bg2 Bg4 4. O-O Nf6 5. h3 Bxf3 6. Bxf3 e5 7. d3 Be7 8. e4 dxe4 9. dxe4 Nbd7 10. Qe2 O-O 11. Nd2 Qc7 12. a4 a5 13. Nc4 Nc5 14. Bd2 Rfe8 15. Rfd1 b6 16. Kg2 Bf8 17. Bg5 Nfd7 18. Bg4 h6 19. Be3 Nf6 20. Bf3 Rad8 21. Rxd8 Rxd8 22. c3 Ncd7 23. Rd1 b5 24. axb5 cxb5 25. Nd2 Bc5 26. Nf1 Qb6 27. Bxc5 Qxc5 28. Ne3 Rb8 29. Nf5 b4 30. cxb4 Qxb4 31. Rd2 Nf8 32. Qe3 Ne6 33. Rc2 Qb6 34. Qa3 Kh7 35. Qe7 Rb7 36. Qa3 Qb4 37. Qd3 Rd7 38. Qa6 Ng5 39. Qc6 Qb3 40. Ne3 Qd3 41. Qc4 Nxf3 42. Kxf3 Qd6 43. Kg2 Qb6 44. Nd5 Nxd5 45. exd5 Qb7 46. Qc6 Qa7 47. d6 g6 48. Rd2 a4 49. h4 h5 50. Qb5 Qa8+ 51. Kh2 Qe8 52. Qxa4 Qe6 53. Qc6 e4 54. b4 e3 55. fxe3 Qxe3 56. Qd5 Qc3 57. b5 Qb4 58. Kg2 Kg8 59. Kh2 Kh7 60. Rd3 Qb2+ 61. Kh3 Qb1 62. Rd1 Qc2 63. Rf1 Kg8 64. b6 Qe2 65. Rf4 Qe1 66. b7 Qb1 67. Rxf7 Rxf7 68. d7 Qf1+ 69. Kh2 Qe2+ 70. Kh3 Qf1+ 71. Kh2 Qf2+ 72. Kh3 Qf1+ 73. Kh2 Kg7 74. Qxf7+ Qxf7 75. d8=Q Qf2+ 76. Kh3 Qf1+ 77. Kh2 1/2-1/2